Citologia diagnostica : bacteriosis (Registro nro. 190863)

Detalles MARC
001 - NÚMERO DE CONTROL
campo de control 652980
005 - FECHA Y HORA DE LA ÚLTIMA TRANSACCIÓN
campo de control 20240201162748.0
008 - DATOS DE LONGITUD FIJA--INFORMACIÓN GENERAL
campo de control de longitud fija 010320e19951216 spa
035 ## - NÚMERO DE CONTROL DEL SISTEMA
Número de control de sistema 652980
035 ## - NÚMERO DE CONTROL DEL SISTEMA
Número de control de sistema (OCoLC)819902182
040 ## - FUENTE DE LA CATALOGACIÓN
Centro/agencia transcriptor comduadb
041 ## - CÓDIGO DE LENGUA
Código de lengua del texto/banda sonora o título independiente spa
100 10 - ENTRADA PRINCIPAL--NOMBRE DE PERSONA
Nombre de persona Clinkenbeard, Kenneth D.
Código de función aut
Término indicativo de función/relación Autor/a
9 (RLIN) 517612
245 10 - MENCIÓN DE TÍTULO
Título Citologia diagnostica : bacteriosis
650 ## - PUNTO DE ACCESO ADICIONAL DE MATERIA--TÉRMINO DE MATERIA
Término de materia o nombre geográfico como elemento de entrada Citologia veterinaria
9 (RLIN) 75622
650 #7 - PUNTO DE ACCESO ADICIONAL DE MATERIA--TÉRMINO DE MATERIA
Término de materia o nombre geográfico como elemento de entrada Infecciones bacterianas
Fuente del encabezamiento o término dcs
9 (RLIN) 36812
650 ## - PUNTO DE ACCESO ADICIONAL DE MATERIA--TÉRMINO DE MATERIA
Término de materia o nombre geográfico como elemento de entrada Diagnóstico microbiológico
9 (RLIN) 49852
773 0# - ENLACE AL DOCUMENTO FUENTE/ENTRADA DE REGISTRO ANFITRIÓN
Título Selecciones Veterinarias (Buenos Aires)
Parte(s) relacionada(s) Vol. 03, No. 06, Dic. 1995, p. 327-332
Número de control del registro 355244
Número Internacional Estándar del Libro 0327859X
Número bibliográfico anfitrión 108386
942 ## - ELEMENTOS DE ENTRADA AGREGADA (KOHA)
Tipo de ítem Koha Artículo de Revista

No hay ítems disponibles.